|
|
|
|
| LEADER |
01522nam a2200325 a 4500 |
| 001 |
GR-Antirio878 |
| 008 |
140221s2009 gr g 000 0 gre d |
| 020 |
|
|
|a 9789604181988
|
| 040 |
|
|
|a GrPaTEI
|b gre
|c GR-PaULI
|
| 040 |
|
|
|a GrPaTEI
|b gre
|c GR-PaULI
|
| 082 |
|
0 |
|a 004.6
|2 22
|
| 100 |
1 |
|
|a Πομπόρτσης, Ανδρέας Σ.
|
| 245 |
1 |
0 |
|a Εισαγωγή στις σύγχρονες τεχνολογίες επικοινωνιών /
|c Ανδρέας Πομπόρτσης.
|
| 260 |
|
|
|a Θεσσαλονίκη :
|b Τζιόλας,
|c 2009
|
| 300 |
|
|
|a xix, 619 σ. :
|b είκ.
|
| 500 |
|
|
|a Περιλαμβάνει ευρετήριο
|
| 500 |
|
|
|a Σύστημα "ΕΥΔΟΞΟΣ": αρ. εισ. 9284
|
| 500 |
|
|
|a Τμήμα Μηχανικών Πληροφορικής Τ.Ε. (Αντίρριο)
|
| 504 |
|
|
|a Βιβλιογραφία: σ. 587-613
|
| 610 |
|
4 |
|a Σύστημα ΕΥΔΟΞΟΣ
|
| 610 |
2 |
4 |
|a Τμήμα Μηχανικών Πληροφορικής Τ.Ε. (Αντίρριο)
|
| 650 |
|
4 |
|a Ηλεκτρονικοί υπολογιστές
|
| 650 |
|
4 |
|a Οπτικά δίκτυα
|
| 650 |
|
4 |
|a Τεχνολογία
|
| 650 |
|
4 |
|a Ψηφιακά δίκτυα
|
| 710 |
0 |
|
|a Τζιόλας
|
| 942 |
|
|
|2 ddc
|
| 952 |
|
|
|0 0
|1 0
|2 ddc
|4 0
|6 004_600000000000000_ΠΟΜ
|7 0
|9 262362
|a LISK-2
|b LISK-2
|c EUD
|d 2021-01-17
|e 24
|f 0
|g 0.00
|l 0
|o 004.6 ΠΟΜ
|p 2430000009284
|r 2021-01-17 00:00:00
|t 1
|w 2021-01-17
|y BK15
|x 20140221 0 ΧΑΣΑΝΗ 1
|x GrPaTEI - Antirrio
|
| 971 |
|
|
|a .b25706779
|b 07-10-20
|c 12-09-16
|
| 999 |
|
|
|c 151298
|d 151298
|